Berühmte Österreicher die im Ausland geboren wurden - Statistiken

Allgemein
  • Dieses Quiz wurde 64 mal gespielt
  • Das Durchschnittsergebnis liegt bei 4 aus 20
Antwortstatistiken
Geburtsort Geburtsjahr Hinweis Person % Korrekt
Bern, Schweiz 1969 2021 Bundeskanzler Alexander Schallenberg
65%
Vevey, Schweiz 1984 Hip-Hop-Musiker ("Palmen aus Plastik", "500 PS") RAF Camora
46%
Bratislava, Slowakei 1927 Journalist, u.a. bekannt durch die Dokumentationsreihen Österreich I und Österreich II Hugo Portisch
44%
Düsseldorf, Deutschland 1955 2020-2021 Bundesminister für Bildung, Wissenschaft und Forschung Heinz Faßmann
40%
Rom, Italien 1930 Moderator von Klingendes Österreich Sepp Forcher
40%
Athen, Griechenland 1959 Schauspielerin (Tatort-Kommissarin Fellner, "Vier Frauen und ein Todesfall") Adele Neuhauser
33%
Glasgow, Vereinigtes Königreich 1942 Journalistin und Moderatorin von Liebesg’schichten und Heiratssachen und Alltagsgeschichte Elizabeth T. Spira
32%
Windsor, Kanada 1975 Journalistin, Zeit im Bild-Moderatorin Nadja Bernhard
28%
Heerlen, Niederlande 1931 Schriftsteller ("Heldenplatz", "Ein Kind", "Der Kulterer") Thomas Bernhard
28%
Stockholm, Schweden 1958 Regisseur und Drehbuchautor ("Muttertag", "Hinterholz 8", "Poppitz") Harald Sicheritz
25%
München, Deutschland 1964 Kabarettist (Schlabarett) und Schauspieler ("Die Lottosieger", "Kaisermühlen-Blues") Reinhard Nowak
14%
London, Vereinigtes Königreich 1950 Autorin (Benjamin Blümchen, Bibi Blocksberg) Elfie Donnelly
9%
Boulogne-Billancourt, Frankreich 1933 Regisseur ("Radetzkymarsch", "Jakob der Letzte", "Tatort") und Publizist Axel Corti
7%
Stockholm, Schweden 1972 Schauspielerin ("Vorstadtweiber", "Ausgeliefert", "Oben ohne") Maria Köstlinger
7%
Kingston, Kanada 1959 Sänger ("Kumm hoit mi", "Kinder dieser Welt") Gary Lux
5%
Teheran, Iran 1984 Rapper ("Zwischen Raum und Zeit", "Lost in Translation", "Fallen") Nazar
5%
Ankara, Türkei 1959 von 1998 bis 2020 Bürgermeister von Bregenz Markus Linhart
4%
Perth, Australien 1979 Sängerin ("A beautiful time", "Going to Paris") Tamee Harrison
4%
Brüssel, Belgien 1974 Schauspielerin ("München 7", "Der letzte schöne Herbsttag", "Hin und weg") Julia Koschitz
2%
Glen Ridge, USA 1886 Filmproduzent, Begründer der österreichischen Filmindustrie Sascha Kolowrat-Krakowsky
2%
Keine übereinstimmenden Quizze gefunden
Verteilung der Resultate
Anzahl Personen mit jedem Resultat
Perzentil nach korrekt beantworteten Fragen
Ihre Resultats-Entwicklung
Sie haben dieses Quiz noch nicht gespielt